000 00345 a2200157 4500
001 59768
020 _a9783791536132
040 _cAnchieta - Pituba
100 _aAllfrey, Katherine
240 1 0 _aDelfinensommer
_lpor
245 1 0 _aDelfinensommer
300 _a192
362 0 _a2007
650 4 _aLiteratura juvenil em alemão
942 _cBK
999 _c59768
_d59768